000 00435nam a2200181Ia 4500
001 22599
005 20260414150842.0
008 260414t1994||||xx |||||||||||||| ||spa||
041 _aESP
082 _a621.3812
_bS79
100 _aStevens, W. Richard
_eAUT
245 0 _aTcp/ip ilustrated :
_bthe protocols
260 _c1994
300 _a576 páginas :
_c24 cm.
650 _aTCA
654 _aCET
942 _cLIB
_dJUS
_fJUS
_2ddc
_n
999 _c22599
_d22599